Highest English Proficiency Index (EPI) - Africa - Statistics

General Stats
  • This quiz has been taken 639 times
  • The average score is 10 of 13
Answer Stats
Score Country % Correct
1. 607 South Africa
99%
3. 537 Nigeria
94%
9. 437 Egypt
93%
2. 577 Kenya
90%
6. 453 Morocco
83%
8. 442 Algeria
80%
4. 489 Tunisia
78%
10. 434 Sudan
76%
5. 477 Ethiopia
69%
13. 408 Rwanda
59%
11. 419 Cameroon
57%
7. 444 Angola
51%
12. 414 Ivory Coast
34%
No matching quizzes found
Score Distribution
Percent of People with Each Score
Percentile by Number Answered
Your Score History
You have not taken this quiz